00438nam a2200157Ia 450000500170000000800410001702000180005803700130007604000200008904100130010908400200012210000150014224500650015726000490022230000090027120250326140531.0250326s9999 xx 000 0 und d a0-324-01491-0 aTextbook aFMSLbengcFMSL aeng2eng aX:51.1 P0qFMSL aTerpstra V 0aInternational dimension of marketingcTerpstra V; Russow L C aNYbNY, Cincinate South Weston Collegec2000 a211p